[Event "SR 4. liga A21 2009/2010"]
[Site "?"]
[Date "2009.11.22"]
[Round "4.1"]
[White "Wallner, Juraj"]
[Black "Pripko, Bystrik"]
[Result "1/2-1/2"]
[WhiteElo "1415"]
[BlackElo "1591"]
[PlyCount "56"]
[EventDate "2010.??.??"]

1. c4 e5 2. e3 c5 3. Nc3 Nf6 4. Nge2 Nc6 5. d4 exd4 6. exd4 d6 7. d5 Ne5 8. Ng3
Be7 9. Be2 O-O 10. O-O h6 11. f4 Ng6 12. Bd3 Re8 13. Qc2 Nf8 14. f5 N8h7 15.
Nge4 Nxe4 16. Nxe4 Nf6 17. Rf3 Nxe4 18. Bxe4 Bf6 19. Rg3 Bd4+ 20. Kh1 Qf6 21.
Bd2 Bxb2 22. Rb1 Bd4 23. Bd3 b6 24. Qc1 Kf8 25. Qf1 Bd7 26. Rf3 Be5 27. Qf2 Bd4
28. Qg3 Be5 1/2-1/2

[Event "SR 4. liga A21 2009/2010"]
[Site "?"]
[Date "2009.11.22"]
[Round "4.2"]
[White "Cerovsky, Marian"]
[Black "Siska, Michal"]
[Result "0-1"]
[WhiteElo "1732"]
[BlackElo "1607"]
[PlyCount "142"]
[EventDate "2010.??.??"]

1. e4 e6 2. d4 d5 3. e5 c5 4. c3 Nc6 5. Nf3 a6 6. b3 b5 7. Be2 cxd4 8. cxd4
Bb4+ 9. Bd2 Nge7 10. Bxb4 Nxb4 11. a3 Nbc6 12. Bd3 h6 13. O-O Bd7 14. Nc3 Qb6
15. Ne2 O-O 16. Bc2 Rfc8 17. Qd3 Ng6 18. h4 Nce7 19. h5 Nf8 20. Rac1 Rc6 21.
Bb1 Rac8 22. Rxc6 Rxc6 23. Nh2 b4 24. a4 a5 25. Kh1 Bc8 26. Qd2 Ba6 27. Re1
Bxe2 28. Rxe2 Nf5 29. Nf3 Qc7 30. Bc2 Nh7 31. g4 Ne7 32. Bxh7+ Kxh7 33. g5 Nf5
34. Kg2 Rc3 35. Qd1 Qe7 36. gxh6 gxh6 37. Rc2 Rxc2 38. Qxc2 Kh8 39. Qc8+ Kg7
40. Kh3 Qa7 41. Qc5 Qxc5 42. dxc5 Kf8 43. Ne1 Nd4 44. Nd3 Nxb3 45. Kg4 Nd4 46.
Kf4 Ke7 47. Ke3 Nf5+ 48. Kd2 Kd7 49. f3 Kc6 50. Ke2 Ng7 51. Kf2 Nxh5 52. Kg2
Ng7 53. Kh3 Nf5 54. Kg4 Nd4 55. Kh5 Nb3 56. Kxh6 Nxc5 57. Nb2 d4 58. Kg7 d3 59.
Kxf7 d2 60. f4 Nxa4 61. Nd1 Kd7 62. f5 Nc5 63. fxe6+ Nxe6 64. Kf6 a4 65. Kf5 a3
66. Ke4 a2 67. Kd3 a1=Q 68. Kxd2 b3 69. Nc3 b2 70. Kc2 Qc1+ 71. Kd3 b1=R 0-1

[Event "SR 4. liga A21 2009/2010"]
[Site "?"]
[Date "2009.11.22"]
[Round "4.2"]
[White "Gubis, Vladimir"]
[Black "Damborsky, Pavol"]
[Result "1/2-1/2"]
[WhiteElo "1786"]
[BlackElo "1667"]
[PlyCount "76"]
[EventDate "2010.??.??"]

1. d4 d5 2. c4 c6 3. cxd5 cxd5 4. Bf4 Nc6 5. Nc3 a6 6. e3 Nf6 7. Rc1 e6 8. Bd3
Be7 9. h3 O-O 10. Nf3 h6 11. O-O Bd7 12. Na4 Rc8 13. a3 Ne4 14. b4 Na7 15. Nc5
Nxc5 16. dxc5 Nc6 17. Qb3 f6 18. Rfd1 Na7 19. e4 Bc6 20. Bb1 Kh8 21. exd5 Bxd5
22. Qd3 f5 23. Ne5 Qe8 24. g4 Be4 25. Qd7 Bxb1 26. Qxe8 Rfxe8 27. Rxb1 g5 28.
Bc1 Rc7 29. Nf7+ Kg7 30. Nd6 Bxd6 31. Rxd6 f4 32. Bb2+ e5 33. Rbd1 Nc6 34. Rd7+
Re7 35. Rxc7 Rxc7 36. Rd6 Re7 37. Bc3 Kh7 38. a4 e4 1/2-1/2

[Event "SR 4. liga A21 2009/2010"]
[Site "?"]
[Date "2009.11.22"]
[Round "4.2"]
[White "Pisecky, Jan"]
[Black "Sedlak, Rastislav"]
[Result "0-1"]
[WhiteElo "1537"]
[BlackElo "1562"]
[PlyCount "102"]
[EventDate "2010.??.??"]

1. e4 e5 2. Bc4 Nc6 3. Nc3 Nf6 4. d3 Bb4 5. Bd2 O-O 6. a3 Ba5 7. Nf3 d6 8. h3
Re8 9. Ng5 Be6 10. Nxe6 fxe6 11. Ne2 Bxd2+ 12. Qxd2 h6 13. c3 d5 14. exd5 exd5
15. Bb5 Qd6 16. O-O-O a6 17. Ba4 b5 18. Bc2 d4 19. Bb3+ Kf8 20. Ng3 Na5 21. Ba2
c5 22. cxd4 Nc6 23. Nf5 Qd7 24. g4 Nxd4 25. Nh4 g5 26. Ng2 Rad8 27. Qe3 Nd5 28.
Qe4 Nf4 29. Ne1 Kg7 30. Kb1 b4 31. axb4 cxb4 32. Ka1 b3 33. Rc1 bxa2 34. h4
Nb3+ 35. Kxa2 Nxc1+ 36. Kb1 Ncxd3 37. hxg5 Rh8 38. Nf3 hxg5 39. Rxh8 Rxh8 40.
Nxg5 Qxg4 41. Qb7+ Kg6 42. Nf7 Qd1+ 43. Ka2 Qa4+ 44. Kb1 Rh2 45. Nd8 Rxf2 46.
Qf7+ Kg5 47. Qg7+ Kf5 48. Qh7+ Kg4 49. Qg7+ Kf3 50. Qb7+ Ke2 51. b3 Rf1+ 0-1

[Event "SR 4. liga A21 2009/2010"]
[Site "?"]
[Date "2009.11.22"]
[Round "4.2"]
[White "Ralbovsky, Milan"]
[Black "Oravec, Pavol"]
[Result "0-1"]
[WhiteElo "1000"]
[BlackElo "1000"]
[PlyCount "162"]
[EventDate "2010.??.??"]

1. e4 e6 2. d4 d5 3. e5 c5 4. c3 Nc6 5. Be3 Qb6 6. Qb3 Qxb3 7. axb3 cxd4 8.
cxd4 Bb4+ 9. Nc3 Nge7 10. Nf3 Nf5 11. Bd3 Nxe3 12. fxe3 O-O 13. O-O Bd7 14. Ng5
h6 15. Nf3 a6 16. Na4 Rad8 17. Nb6 Ba5 18. Na4 Nb4 19. Nc5 Bb6 20. Nxb7 Nxd3
21. Nxd8 Rxd8 22. Rxa6 Rb8 23. Rb1 Bb5 24. Ra3 Rc8 25. Ne1 Nxe1 26. Rxe1 Rc2
27. Ra8+ Kh7 28. Rb8 Rc6 29. Rb7 Kg6 30. Rf1 Bxf1 31. Kxf1 Bd8 32. Kf2 Rb6 33.
Rxb6 Bxb6 34. b4 Kf5 35. Kf3 h5 36. h4 g6 37. b5 Ba7 38. b4 Bb6 39. Kg3 Ke4 40.
Kf2 Bd8 41. g3 Bb6 42. Ke2 Bc7 43. Kf2 Bd8 44. Ke2 Kf5 45. Kf3 Bb6 46. Kf2 Ke4
47. Ke2 Bd8 48. Kf2 Kd3 49. Kf3 Kc4 50. g4 Kxb5 51. g5 Kxb4 52. Ke2 Kc4 53. Kd2
Ba5+ 54. Ke2 Bb4 55. Kf3 Kd3 56. Kf4 Bd2 57. Kf3 Bxe3 58. Kg3 Ke4 59. Kh2 Bxd4
60. Kg2 Bxe5 61. Kh3 Bf4 62. Kg2 Kf5 63. Kf2 Kg4 64. Kf1 Kxh4 65. Kf2 Kxg5 66.
Kf3 e5 67. Kf2 e4 68. Ke2 d4 69. Ke1 d3 70. Kd1 e3 71. Ke1 e2 72. Kf2 Kg4 73.
Ke1 Bg3+ 74. Kd2 e1=Q+ 75. Kxd3 Kf3 76. Kc2 Ke4 77. Kb2 Kd3 78. Kb3 Bd6 79. Ka2
Qb4 80. Ka1 Be5+ 81. Ka2 Qb2# 0-1

[Event "SR 4. liga A21 2009/2010"]
[Site "?"]
[Date "2009.11.22"]
[Round "4.2"]
[White "Veres, Marcel"]
[Black "Blanarik, Dominik"]
[Result "1-0"]
[WhiteElo "1526"]
[BlackElo "1570"]
[PlyCount "75"]
[EventDate "2010.??.??"]

1. e4 d6 2. d4 g6 3. Nf3 Bg7 4. Bf4 Bg4 5. c3 Nf6 6. Nbd2 O-O 7. Be2 Nbd7 8.
O-O Nh5 9. Be3 e5 10. h3 Bxf3 11. Nxf3 Nf4 12. Bxf4 exf4 13. Qd2 Qf6 14. Rfe1
Rae8 15. Bc4 Bh6 16. Re2 Re7 17. Rae1 Rfe8 18. Qc2 Nb6 19. Qb3 c6 20. e5 dxe5
21. Rxe5 Nxc4 22. Qxc4 Kg7 23. Qc5 b6 24. Qa3 Rxe5 25. Rxe5 Ra8 26. Qb3 Kf8 27.
Qb4+ Kg7 28. Qe7 g5 29. Qb7 Rf8 30. Qxa7 b5 31. a4 bxa4 32. Qxa4 Qg6 33. Re1
Kg8 34. Ne5 Qf5 35. Qxc6 Qc2 36. Qxh6 Qd2 37. Qxg5+ Kh8 38. Nxf7+ 1-0

[Event "SR 4. liga A21 2009/2010"]
[Site "?"]
[Date "2009.11.22"]
[Round "4.3"]
[White "Bajcar, Pavol"]
[Black "Ocko, Martin"]
[Result "1-0"]
[WhiteElo "1426"]
[BlackElo "1485"]
[PlyCount "77"]
[EventDate "2010.??.??"]

1. d4 Nf6 2. Bf4 d6 3. Nf3 g6 4. e3 Bg7 5. Nc3 O-O 6. Be2 Nbd7 7. O-O c5 8.
dxc5 Nxc5 9. Bg3 Bf5 10. Bd3 Nfe4 11. Bxe4 Nxe4 12. Nxe4 Bxe4 13. c3 Kh8 14.
Nd4 a6 15. f3 Bc6 16. Bf2 e5 17. Nxc6 bxc6 18. e4 d5 19. exd5 Qxd5 20. b3 e4
21. c4 Qxd1 22. Raxd1 exf3 23. gxf3 Rad8 24. Bb6 Rde8 25. Rfe1 Bc3 26. Rxe8
Rxe8 27. Kf2 Kg7 28. Bd4+ Bxd4+ 29. Rxd4 Re6 30. b4 Re7 31. Rd6 Rb7 32. a3 Rc7
33. Ke3 c5 34. b5 axb5 35. cxb5 c4 36. b6 Rc5 37. Kd2 Rb5 38. a4 Ra5 39. b7 1-0

[Event "SR 4. liga A21 2009/2010"]
[Site "?"]
[Date "2009.11.22"]
[Round "4.3"]
[White "Gasa, Patrik"]
[Black "Bjel, Lubos"]
[Result "1/2-1/2"]
[WhiteElo "1465"]
[BlackElo "1621"]
[PlyCount "79"]
[EventDate "2010.??.??"]

1. d4 e6 2. c4 d5 3. Nc3 Bb4 4. e3 Nf6 5. a3 Bxc3+ 6. bxc3 b6 7. Nf3 Bb7 8. Bd3
Nbd7 9. a4 O-O 10. O-O Re8 11. a5 e5 12. Nd2 e4 13. Be2 bxa5 14. Rxa5 c6 15.
Qa4 dxc4 16. Nxc4 Nb6 17. Qa3 Nfd5 18. Bd2 Nxc4 19. Bxc4 Nb6 20. Bb3 Qc7 21.
Ra1 h6 22. c4 Reb8 23. c5 Nd7 24. Qa2 Nf6 25. h3 Nd5 26. Qc2 Bc8 27. Bc4 f5 28.
Qa2 Bb7 29. Rb1 a6 30. Ra4 Kh8 31. Ba5 Qd7 32. Bb6 Nc3 33. Qb3 Nxb1 34. Qxb1
Rf8 35. Qb3 Rf6 36. Qc3 f4 37. Kh2 fxe3 38. Qxe3 Qf5 39. Bc7 Qxf2 40. Qxe4
1/2-1/2

[Event "SR 4. liga A21 2009/2010"]
[Site "?"]
[Date "2009.11.22"]
[Round "4.3"]
[White "Krchnak, Rudolf"]
[Black "Jozefek, Michal"]
[Result "1/2-1/2"]
[WhiteElo "1914"]
[BlackElo "1902"]
[PlyCount "52"]
[EventDate "2010.??.??"]

1. d4 Nf6 2. c4 g6 3. Nc3 Bg7 4. e4 d6 5. Be2 O-O 6. Be3 Nc6 7. g4 e5 8. d5 Nd4
9. g5 Nd7 10. h4 f5 11. Nf3 Nxe2 12. Qxe2 Nb6 13. h5 fxe4 14. Nd2 Bf5 15. Ndxe4
Qd7 16. hxg6 Bxg6 17. b3 Rae8 18. O-O-O a5 19. a4 Nc8 20. Rh2 Ne7 21. Rdh1 Qf5
22. Kb2 Qf3 23. Qxf3 Rxf3 24. Kc1 Nc8 25. Kd2 Ref8 26. Ke2 b6 1/2-1/2

[Event "SR 4. liga A21 2009/2010"]
[Site "?"]
[Date "2009.11.22"]
[Round "4.3"]
[White "Lajda, Dusan"]
[Black "Pagerka, Slavomir"]
[Result "0-1"]
[WhiteElo "1872"]
[BlackElo "1736"]
[PlyCount "66"]
[EventDate "2010.??.??"]

1. e4 e5 2. Nf3 Nc6 3. Bc4 Bc5 4. b4 Bxb4 5. c3 Ba5 6. d4 d6 7. dxe5 dxe5 8.
Qxd8+ Kxd8 9. Bxf7 Bg4 10. O-O Ke7 11. Bd5 Bxf3 12. gxf3 Nf6 13. Ba3+ Ke8 14.
Rd1 Rd8 15. Bb2 Nxd5 16. exd5 Ne7 17. c4 Ng6 18. Bc3 Bxc3 19. Nxc3 Rf8 20. Nb5
Kd7 21. c5 a6 22. c6+ bxc6 23. dxc6+ Kxc6 24. Rdc1+ Kb7 25. Nxc7 Rd6 26. Rab1+
Ka7 27. Rd1 Rc6 28. Rd7 Rc8 29. Nd5+ Ka8 30. Nb6+ Rxb6 31. Rxb6 Rc1+ 32. Kg2
Nf4+ 33. Kg3 Rg1+ 0-1

[Event "SR 4. liga A21 2009/2010"]
[Site "?"]
[Date "2009.11.22"]
[Round "4.3"]
[White "Nemeckay, Rastislav"]
[Black "Smrek, Peter"]
[Result "1/2-1/2"]
[WhiteElo "1780"]
[BlackElo "1919"]
[PlyCount "86"]
[EventDate "2010.??.??"]

1. e4 c5 2. Nf3 Nc6 3. d4 cxd4 4. Nxd4 d6 5. Nc3 g6 6. Be3 Bg7 7. Be2 a6 8. O-O
Nf6 9. Nxc6 bxc6 10. f4 O-O 11. Bf3 e6 12. Qd2 Qe7 13. Rfe1 Rb8 14. Rab1 Qc7
15. Bd4 c5 16. Bf2 Rd8 17. Red1 Bb7 18. Qe2 d5 19. e5 Nd7 20. Kh1 Qa5 21. a3
Bc6 22. Be1 Qc7 23. Bh4 Re8 24. Qd2 Nb6 25. b3 Qb7 26. Re1 Qa8 27. Qf2 Bf8 28.
Bf6 c4 29. b4 Na4 30. Nxa4 Bxa4 31. c3 Qc6 32. Qd4 Bc2 33. Ra1 a5 34. Rec1 Bd3
35. Ra2 Qa4 36. Bd1 Qc6 37. Bc2 axb4 38. axb4 Bxc2 39. Rcxc2 Ra8 40. Bh4 Ra4
41. Bf2 Rea8 42. Qd2 Qa6 43. Rxa4 Qxa4 1/2-1/2

[Event "SR 4. liga A21 2009/2010"]
[Site "?"]
[Date "2009.11.22"]
[Round "4.4"]
[White "Davidik, Miroslav"]
[Black "Danihel, Jozef"]
[Result "0-1"]
[WhiteElo "1515"]
[BlackElo "1546"]
[PlyCount "46"]
[EventDate "2010.??.??"]

1. c4 e5 2. Nc3 Nf6 3. g3 d6 4. Bg2 g6 5. d3 Bg7 6. Qc2 c6 7. e4 h6 8. Be3 O-O
9. h3 Na6 10. a3 Nc7 11. Qd2 Kh7 12. d4 exd4 13. Bxd4 Qe7 14. Nge2 Be6 15. Qd3
Rad8 16. Rd1 Rfe8 17. Bxf6 Bxf6 18. f3 d5 19. cxd5 cxd5 20. exd5 Bxd5 21. Nxd5
Nxd5 22. Kf2 Nf4 23. Nxf4 Rxd3 0-1

[Event "SR 4. liga A21 2009/2010"]
[Site "?"]
[Date "2009.11.22"]
[Round "4.4"]
[White "Hrubsa, Marian"]
[Black "Vogl, Zdenek"]
[Result "0-1"]
[WhiteElo "1930"]
[BlackElo "1887"]
[PlyCount "97"]
[EventDate "2010.??.??"]

1. e4 e5 2. Nf3 d6 3. d4 exd4 4. Nxd4 Be7 5. Nc3 Bf6 6. Bc4 Ne7 7. O-O O-O 8.
Be3 Nbc6 9. f4 Na5 10. Bd3 Nac6 11. Bc4 Na5 12. Be2 c5 13. Ndb5 Bxc3 14. bxc3
b6 15. Nxd6 Nb7 16. e5 Nxd6 17. exd6 Nf5 18. Bc1 Nxd6 19. c4 Qf6 20. Rb1 Bb7
21. Bb2 Qg6 22. Bf3 Bxf3 23. Rxf3 Nf5 24. Rd3 Rfe8 25. Qf3 Rad8 26. Rbd1 Rxd3
27. Rxd3 Qe6 28. Bc3 Qxc4 29. Rd5 Nd4 30. Qe3 Rf8 31. Re5 Nxc2 32. Qg3 Nd4 33.
f5 g6 34. Qe3 Ne2+ 35. Qxe2 Qxc3 36. f6 Qd4+ 37. Qe3 Qxe3+ 38. Rxe3 Ra8 39. Kf2
Kf8 40. Ke2 Re8 41. h4 Rxe3+ 42. Kxe3 Ke8 43. Ke4 h5 44. Kd5 Kd7 45. a3 a5 46.
a4 Kc7 47. Kc4 Kc6 48. Kd3 Kd5 49. Kc3 0-1

[Event "SR 4. liga A21 2009/2010"]
[Site "?"]
[Date "2009.11.22"]
[Round "4.4"]
[White "Leska, Marian"]
[Black "Vach, Jozef"]
[Result "1/2-1/2"]
[WhiteElo "1668"]
[BlackElo "1907"]
[PlyCount "90"]
[EventDate "2010.??.??"]

1. d4 d5 2. c4 e6 3. Nc3 Bb4 4. e3 Nf6 5. Bd2 c6 6. Nf3 Nbd7 7. Be2 O-O 8. O-O
Re8 9. a3 Bd6 10. Qc2 e5 11. dxe5 Nxe5 12. cxd5 Nxd5 13. Nxd5 cxd5 14. Bc3 Ng4
15. Bd3 h6 16. Bf5 Nf6 17. Bxf6 Qxf6 18. Bxc8 Raxc8 19. Qb3 Rc7 20. Qxd5 Rec8
21. Rfd1 Bf8 22. b4 Qxa1 23. Rxa1 Rc1+ 24. Qd1 Rxd1+ 25. Rxd1 a6 26. g3 Rc3 27.
Ra1 b5 28. Nd4 Bd6 29. Ra2 Be5 30. Nf3 Bf6 31. h4 Rb3 32. Nd2 Rd3 33. Nf3 Rd1+
34. Kg2 Rb1 35. h5 Rb3 36. Nd2 Rd3 37. Nf3 Rd1 38. Nd2 Ra1 39. Rxa1 Bxa1 40.
Kf3 Bb2 41. Nb1 Kf8 42. Ke4 Ke7 43. Kd5 Kd7 44. g4 f6 45. Kc5 Kc7 1/2-1/2

[Event "SR 4. liga A21 2009/2010"]
[Site "?"]
[Date "2009.11.22"]
[Round "4.4"]
[White "Planka, Peter"]
[Black "Bartos, Bohumil"]
[Result "0-1"]
[WhiteElo "1776"]
[BlackElo "1572"]
[PlyCount "74"]
[EventDate "2010.??.??"]

1. e4 e5 2. Nf3 Nc6 3. Bb5 a6 4. Ba4 Nf6 5. O-O b5 6. Bb3 Be7 7. c3 O-O 8. Re1
d6 9. h3 Na5 10. Bc2 c5 11. d3 Bd7 12. Nbd2 Qc7 13. Nf1 Rfe8 14. Ng3 c4 15. d4
exd4 16. Nxd4 Rad8 17. Ngf5 Bxf5 18. Nxf5 Nc6 19. Qf3 Ne5 20. Qg3 Nh5 21. Qe3
Qc5 22. Nxe7+ Rxe7 23. Qg5 Nf6 24. Qg3 Ng6 25. Bg5 Re6 26. Rad1 h6 27. Be3 Qc6
28. f3 Qe8 29. Bd4 Qe7 30. Bxf6 Qxf6 31. Rd2 Qe5 32. Qf2 Nf4 33. Qb6 Qg5 34.
Red1 Rg6 35. Kh1 Qh4 36. Rxd6 Rdxd6 37. Rxd6 Qe1+ 0-1

[Event "SR 4. liga A21 2009/2010"]
[Site "?"]
[Date "2009.11.22"]
[Round "4.4"]
[White "Vepy, Ivan"]
[Black "Kubis, Ivan"]
[Result "1-0"]
[WhiteElo "1920"]
[BlackElo "2025"]
[PlyCount "73"]
[EventDate "2010.??.??"]

1. e4 e5 2. Bc4 Nf6 3. Nc3 Nxe4 4. Nxe4 d5 5. Bb3 dxe4 6. Qe2 Bf5 7. Qb5+ Nd7
8. Ne2 Bc5 9. Ng3 Bg6 10. Ba4 Bb6 11. Qxe5+ Qe7 12. Bxd7+ Kxd7 13. Qd5+ Qd6 14.
Qb3 Rae8 15. O-O Kc8 16. a4 a5 17. Kh1 h5 18. f3 exf3 19. Qxf3 h4 20. Nf5 Qe5
21. Ne3 h3 22. Qf4 hxg2+ 23. Nxg2 Qe2 24. Re1 Qxg2+ 25. Kxg2 Rxe1 26. d4 Be4+
27. Kf2 Rh1 28. Qxe4 R1xh2+ 29. Kg1 R2h4 30. Qf5+ Kb8 31. c3 c5 32. Bf4+ Ka8
33. Kg2 cxd4 34. cxd4 R8h5 35. Qc8+ Ka7 36. Bb8+ Ka6 37. Qc4+ 1-0

[Event "SR 4. liga A21 2009/2010"]
[Site "?"]
[Date "2009.11.22"]
[Round "4.5"]
[White "Gono, Michal"]
[Black "Blatnicky, Miroslav"]
[Result "1-0"]
[WhiteElo "1852"]
[BlackElo "2109"]
[PlyCount "99"]
[EventDate "2010.??.??"]

1. d4 e6 2. Nf3 Nf6 3. Bg5 d5 4. e3 Nbd7 5. Bd3 a6 6. O-O Bd6 7. Nbd2 h6 8. Bh4
c5 9. c3 c4 10. Bc2 b5 11. e4 g5 12. Bg3 Bc7 13. Bxc7 Qxc7 14. a4 Bb7 15. e5
Ng8 16. axb5 axb5 17. Rxa8+ Bxa8 18. Qa1 Nb6 19. Qa5 Bc6 20. Ra1 Ne7 21. b4 O-O
22. Qa3 Ra8 23. Qb2 Ra7 24. Ra3 Kg7 25. Qa1 Rxa3 26. Qxa3 Nd7 27. h3 Ng6 28. g3
f6 29. exf6+ Kxf6 30. Bxg6 Kxg6 31. Qa6 Qb7 32. Qa5 Qa8 33. Qc7 Kf6 34. Nf1 Qb7
35. Qd8+ Kf7 36. Qh8 Kg6 37. Qg8+ Kf6 38. Qh7 g4 39. Qxh6+ Ke7 40. hxg4 Qc8 41.
Qg7+ Kd6 42. Ne5 Qa8 43. g5 Qa1 44. Nxd7 Bxd7 45. Qe5+ Ke7 46. Qf6+ Kd6 47. g6
Qxc3 48. g7 Kc6 49. g8=Q Qxb4 50. Qa8+ 1-0

[Event "SR 4. liga A21 2009/2010"]
[Site "?"]
[Date "2009.11.22"]
[Round "4.5"]
[White "Gono, Tomas"]
[Black "Bjel, Tomas"]
[Result "0-1"]
[WhiteElo "1000"]
[BlackElo "1682"]
[PlyCount "92"]
[EventDate "2010.??.??"]

1. e4 e5 2. Nf3 d6 3. d4 exd4 4. Nxd4 Nf6 5. Nc3 Be7 6. Bc4 Bd7 7. O-O Nc6 8.
Nxc6 Bxc6 9. Bd5 Qd7 10. Qd3 Bxd5 11. Nxd5 O-O-O 12. f3 Nxd5 13. Qxd5 Bf6 14.
c3 Rde8 15. Bf4 g5 16. Bg3 h5 17. Bf2 Kb8 18. Bd4 Be5 19. Bxe5 Rxe5 20. Qd4
Rhe8 21. Rae1 f5 22. Qd3 Qc6 23. Qd2 f4 24. Qd3 Ra5 25. a3 Qb6+ 26. Kh1 Qxb2
27. Re2 Qxa3 28. Rfe1 Rc5 29. e5 Qxc3 30. Qg6 Rc8 31. exd6 cxd6 32. Qxd6+ Ka8
33. Qd7 a6 34. Rd1 Qb3 35. Re7 Rc1 36. Ree1 Qc3 37. Rg1 Rxd1 38. Qxd1 Ka7 39.
h3 Qc2 40. Qd4+ Qc5 41. Qd1 Re8 42. Qa4 Re5 43. Rd1 a5 44. Qb3 Ka6 45. Rd7 Re1+
46. Kh2 Qg1# 0-1

[Event "SR 4. liga A21 2009/2010"]
[Site "?"]
[Date "2009.11.22"]
[Round "4.5"]
[White "Kramarik, Peter"]
[Black "Nedorost, Lubomir"]
[Result "1-0"]
[WhiteElo "2017"]
[BlackElo "1620"]
[PlyCount "45"]
[EventDate "2010.??.??"]

1. d4 e6 2. e4 d5 3. Nd2 c5 4. Ngf3 Nc6 5. Bb5 Bd7 6. exd5 exd5 7. O-O Nxd4 8.
Nxd4 cxd4 9. Re1+ Be7 10. Bxd7+ Qxd7 11. Nf3 Kf8 12. Nxd4 h5 13. Qf3 Rd8 14.
Ne6+ Ke8 15. Nxg7+ Kf8 16. Ne6+ Ke8 17. Nxd8 Qxd8 18. Be3 b6 19. Rad1 Nf6 20.
Bg5 Kf8 21. Bxf6 Bxf6 22. Rxd5 Qa8 23. Qxf6 1-0

[Event "SR 4. liga A21 2009/2010"]
[Site "?"]
[Date "2009.11.22"]
[Round "4.5"]
[White "Lanyi, Frantisek"]
[Black "Strapko, Tomas"]
[Result "0-1"]
[WhiteElo "1714"]
[BlackElo "1595"]
[PlyCount "96"]
[EventDate "2010.??.??"]

1. e4 c5 2. Nf3 Nc6 3. Bb5 e6 4. Bxc6 bxc6 5. O-O d5 6. d3 g6 7. c3 Bg7 8. Qa4
Bd7 9. Be3 d4 10. Bd2 e5 11. c4 Ne7 12. b4 cxb4 13. Qxb4 O-O 14. Qb3 Rb8 15.
Qd1 c5 16. Bg5 h6 17. Bh4 g5 18. Bg3 Ng6 19. h3 f5 20. exf5 Bxf5 21. Re1 Re8
22. Na3 Qa5 23. Nb5 Rxb5 24. cxb5 Qxb5 25. Qb3+ Qxb3 26. axb3 Bxd3 27. Rxa7 e4
28. Nd2 e3 29. fxe3 dxe3 30. Nc4 Bd4 31. Kh2 e2 32. Rc1 Nf4 33. Ra2 Bxc4 34.
bxc4 Nd3 35. Re1 Nxe1 36. Bxe1 h5 37. g3 Re3 38. Rc2 h4 39. gxh4 gxh4 40. Rc1
Be5+ 41. Kg2 Bg3 42. Ra1 Kf7 43. Bxg3 hxg3 44. h4 e1=Q 45. Rxe1 Rxe1 46. Kxg3
Ke6 47. Kg4 Re4+ 48. Kg5 Rxc4 0-1

[Event "SR 4. liga A21 2009/2010"]
[Site "?"]
[Date "2009.11.22"]
[Round "4.5"]
[White "Nemsak, Denis"]
[Black "Bjel, Jan"]
[Result "0-1"]
[WhiteElo "1645"]
[BlackElo "1837"]
[PlyCount "106"]
[EventDate "2010.??.??"]

1. c4 e5 2. Nc3 Nf6 3. d3 Be7 4. Nf3 d6 5. g3 c6 6. Bg2 Bg4 7. O-O Qd7 8. Re1
Bh3 9. Bh1 h5 10. b4 h4 11. b5 hxg3 12. hxg3 Bg4 13. Bg2 Qf5 14. Rb1 Bh3 15. e4
Qh5 16. Nh2 Qh7 17. Bf3 Bd7 18. Nf1 Bg4 19. Ne3 Bxf3 20. Qxf3 Nbd7 21. Ba3 g6
22. Kf1 Qh1+ 23. Qxh1 Rxh1+ 24. Ke2 Rxe1+ 25. Kxe1 Kd8 26. Ke2 Nb6 27. Rh1 Kd7
28. f4 exf4 29. gxf4 Rc8 30. Kf3 Re8 31. bxc6+ bxc6 32. Ne2 Rb8 33. Nd4 Rc8 34.
Nb3 Na4 35. Nd1 Rb8 36. Nb2 Nxb2 37. Bxb2 Rb7 38. c5 Ne8 39. Rh7 f6 40. Bd4 Kc8
41. f5 gxf5 42. exf5 dxc5 43. Nxc5 Bxc5 44. Rxb7 Bxd4 45. Rh7 Nc7 46. Ke4 c5
47. Rg7 Kb7 48. Rh7 Kc6 49. Rg7 a5 50. a4 Nd5 51. Ra7 Nc3+ 52. Kf3 Kb6 53. Ra8
Nxa4 0-1

[Event "SR 4. liga A21 2009/2010"]
[Site "?"]
[Date "2009.11.22"]
[Round "4.6"]
[White "Bendzela, Tibor"]
[Black "Spacek, Marcel"]
[Result "0-1"]
[WhiteElo "1455"]
[BlackElo "1585"]
[PlyCount "106"]
[EventDate "2010.??.??"]

1. e4 c5 2. Nf3 Nc6 3. d4 cxd4 4. Nxd4 Nf6 5. Nc3 e5 6. Nb3 Bb4 7. Bg5 h6 8.
Bxf6 Qxf6 9. Qd3 O-O 10. f3 Nd4 11. a3 Nxb3 12. cxb3 Ba5 13. O-O-O Bxc3 14.
bxc3 d5 15. exd5 Bf5 16. Qb5 Rfc8 17. Bc4 e4 18. Kb2 a6 19. Qxb7 exf3 20. gxf3
Rab8 21. Qxa6 Qh4 22. Kc1 Qf4+ 23. Rd2 Qxf3 24. Rf1 Qxc3+ 25. Kd1 Bg4+ 26. Re2
Rxb3 27. Qxc8+ Kh7 28. Bxb3 Qxc8 29. Bc2+ Kg8 30. Rfe1 Qa6 31. Kd2 Qa5+ 32. Kc1
Qxa3+ 33. Kb1 Qb4+ 34. Kc1 Qf4+ 35. Kb1 Bxe2 36. Ka2 Bc4+ 37. Kb1 Kf8 38. Rd1
Ke7 39. d6+ Qxd6 40. Rxd6 Kxd6 41. Kc1 Ke5 42. Kd2 Kf4 43. Ke1 g5 44. Kf2 h5
45. Ba4 g4 46. Bc6 h4 47. Bb7 f5 48. Bc6 Bd3 49. Bd7 g3+ 50. hxg3+ hxg3+ 51.
Kg1 Kf3 52. Be8 f4 53. Bh5+ Ke3 0-1

[Event "SR 4. liga A21 2009/2010"]
[Site "?"]
[Date "2009.11.22"]
[Round "4.6"]
[White "Beran, Jan"]
[Black "Spacek, Oliver"]
[Result "0-1"]
[WhiteElo "1931"]
[BlackElo "1779"]
[PlyCount "62"]
[EventDate "2010.??.??"]

1. e4 c5 2. Nf3 Nc6 3. d4 cxd4 4. Nxd4 Nf6 5. Nc3 e5 6. Ndb5 d6 7. Bg5 a6 8.
Bxf6 gxf6 9. Na3 b5 10. Nd5 f5 11. exf5 Bxf5 12. c4 b4 13. Qa4 Bd7 14. Nb5 axb5
15. Qxa8 Qxa8 16. Nc7+ Kd8 17. Nxa8 Nd4 18. Rc1 Bh6 19. f4 Bxf4 20. Rd1 Bg4 21.
Rxd4 exd4 22. cxb5 Re8+ 23. Kf2 Be3+ 24. Kg3 Rg8 25. Nb6 h5 26. b3 d3 27. Nc4
h4+ 28. Kxh4 Bf4 29. Bxd3 f5 30. Bxf5 Bxf5 31. Rf1 Rh8# 0-1

[Event "SR 4. liga A21 2009/2010"]
[Site "?"]
[Date "2009.11.22"]
[Round "4.6"]
[White "Lanik, Miroslav"]
[Black "Skapik, Branislav"]
[Result "1/2-1/2"]
[WhiteElo "1745"]
[BlackElo "1847"]
[PlyCount "47"]
[EventDate "2010.??.??"]

1. e4 e5 2. Nf3 Nc6 3. Bb5 a6 4. Ba4 Nf6 5. O-O b5 6. Bb3 Be7 7. Re1 O-O 8. d4
exd4 9. e5 Ne8 10. Bd5 Rb8 11. Nxd4 Nxd4 12. Qxd4 c6 13. Be4 d5 14. exd6 Bxd6
15. Bf4 Qc7 16. Bxd6 Nxd6 17. Nd2 c5 18. Qe5 Qb6 19. Rad1 Be6 20. Bd5 Rfe8 21.
Nf3 h6 22. h3 Kf8 23. Bxe6 Rxe6 24. Qf4 1/2-1/2

[Event "SR 4. liga A21 2009/2010"]
[Site "?"]
[Date "2009.11.22"]
[Round "4.6"]
[White "Likavska, Barbora"]
[Black "Tokos, Rastislav"]
[Result "1/2-1/2"]
[WhiteElo "1866"]
[BlackElo "1926"]
[PlyCount "56"]
[EventDate "2010.??.??"]

1. d4 d5 2. c4 Nf6 3. Nc3 e6 4. e3 Bb4 5. Qc2 O-O 6. Nf3 h6 7. Bd3 b6 8. O-O
Bb7 9. cxd5 Nxd5 10. Nxd5 exd5 11. a3 Bd6 12. b4 Nd7 13. Rb1 c6 14. Bb2 Nf6 15.
Rfe1 Re8 16. Ne5 Rc8 17. Rec1 c5 18. bxc5 bxc5 19. Qa4 c4 20. Bf5 Ra8 21. Bc3
Bc8 22. Bxc8 Qxc8 23. Rb5 Qc7 24. Ba5 Qe7 25. Nc6 Qe4 26. Bb4 Bxh2+ 27. Kxh2
Qh4+ 28. Kg1 Ng4 1/2-1/2

[Event "SR 4. liga A21 2009/2010"]
[Site "?"]
[Date "2009.11.22"]
[Round "4.6"]
[White "Pericka, Tomas"]
[Black "Palka, Martin"]
[Result "1/2-1/2"]
[WhiteElo "1910"]
[BlackElo "1889"]
[PlyCount "35"]
[EventDate "2010.??.??"]

1. c4 c5 2. Nc3 Nf6 3. g3 Nc6 4. Bg2 g6 5. Nf3 Bg7 6. O-O O-O 7. e3 e6 8. d4
cxd4 9. exd4 d5 10. c5 a6 11. Bf4 Nd7 12. Bd6 Re8 13. Re1 b6 14. Rb1 bxc5 15.
dxc5 Bb7 16. Qd2 Rc8 17. b4 Na7 18. Rec1 1/2-1/2

[Event "SR 4. liga A21 2009/2010"]
[Site "?"]
[Date "2009.12.06"]
[Round "5.1"]
[White "Hanzluvka, Peter"]
[Black "Kupkovic, Miroslav"]
[Result "1-0"]
[WhiteElo "2007"]
[BlackElo "1690"]
[PlyCount "87"]
[EventDate "2010.??.??"]

1. e4 c6 2. d4 d5 3. exd5 cxd5 4. Bd3 Nf6 5. Bf4 Bg4 6. Nf3 e6 7. Nbd2 Nc6 8.
c3 Bd6 9. Bxd6 Qxd6 10. O-O O-O 11. Qa4 Rfe8 12. Rae1 Bxf3 13. Nxf3 Re7 14. Bb1
Qf4 15. Qc2 Rc8 16. Qd3 g6 17. g3 Qh6 18. Kg2 Qg7 19. h3 Rd8 20. Re2 Ne4 21.
Rfe1 Nd6 22. Ne5 Nxe5 23. dxe5 Nc4 24. Qd4 b6 25. Bd3 Rc8 26. h4 Qh6 27. Rh1
Na5 28. f4 Nc6 29. Qf2 Qg7 30. h5 Kf8 31. hxg6 hxg6 32. Rh3 Rec7 33. Qe1 Ke7
34. Qh1 Rg8 35. Rh7 Qf8 36. Qh4+ g5 37. fxg5 Kd7 38. g6 Kc8 39. Qf6 fxg6 40.
Qxe6+ Kb8 41. Rxc7 Kxc7 42. Rf2 Qe8 43. Rf7+ Kd8 44. Qd6+ 1-0